[Event "Fuerteventura op"]
[Site "Fuerteventura"]
[Date "1992.??.??"]
[Round "?"]
[White "Hernandez Onna, Roman"]
[Black "Pecorelli Garcia, Humberto"]
[Result "1/2-1/2"]
[WhiteElo "2430"]
[BlackElo "2390"]
[PlyCount "87"]
[EventDate "1992.??.??"]
[EventType "swiss"]
[EventRounds "11"]
[EventCountry "CUB"]
[SourceTitle "EXT 2003"]
[Source "ChessBase"]
[SourceDate "2002.11.25"]

1. d4 Nf6 2. Nf3 g6 3. g3 Bg7 4. Bg2 O-O 5. O-O c6 6. c4 d6 7. Nc3 Nbd7 8. e4
e5 9. h3 Qb6 10. d5 cxd5 11. cxd5 Nc5 12. Re1 Bd7 13. Rb1 a5 14. Bg5 Rfc8 15.
Nd2 a4 16. a3 Ne8 17. Bf1 f6 18. Be3 Qd8 19. Rc1 Kh8 20. Kh2 Rab8 21. f4 f5 22.
exf5 gxf5 23. Nb5 Qb6 24. Qe2 e4 25. Rb1 Nf6 26. Nc3 Qd8 27. Qf2 b5 28. Bd4 Qg8
29. Be2 b4 30. axb4 Rxb4 31. Nc4 Qf8 32. Na2 Rbb8 33. Ne3 Nd3 34. Bxd3 exd3 35.
Qd2 Ng4+ 36. hxg4 Bxd4 37. Qxd3 Rxb2+ 38. Rxb2 Bxb2 39. gxf5 a3 40. Nb4 Rb8 41.
Qc4 Rc8 42. Qd3 Rb8 43. Qc4 Rc8 44. Qd3 1/2-1/2

[Event "Fuerteventura op"]
[Site "Fuerteventura"]
[Date "1992.??.??"]
[Round "?"]
[White "Hernandez Onna, Roman"]
[Black "Pupo, Emilio"]
[Result "1-0"]
[WhiteElo "2430"]
[BlackElo "2395"]
[PlyCount "127"]
[EventDate "1992.??.??"]
[EventType "swiss"]
[EventRounds "11"]
[EventCountry "CUB"]
[SourceTitle "EXT 2003"]
[Source "ChessBase"]
[SourceDate "2002.11.25"]

1. Nf3 Nf6 2. g3 g6 3. b3 Bg7 4. Bb2 O-O 5. c4 d6 6. Bg2 e5 7. d3 Nc6 8. O-O h6
9. Nc3 Be6 10. e3 d5 11. Qe2 Re8 12. Na4 Nd7 13. Qd2 a6 14. Ng5 Ne7 15. Nxe6
fxe6 16. Bh3 Nf5 17. e4 dxe4 18. dxe4 Nd4 19. Bg2 b5 20. cxb5 axb5 21. Nc3 Nc5
22. Rfd1 Qf6 23. Qe3 Na6 24. Rd2 Nb4 25. Rc1 g5 26. a3 Na6 27. Ne2 c5 28. b4
Red8 29. bxc5 Rac8 30. Nxd4 exd4 31. Rxd4 Rxd4 32. e5 Qxe5 33. Bxd4 Qxe3 34.
Bxe3 Nb8 35. Rb1 Nc6 36. Bxc6 Rxc6 37. Rxb5 Ra6 38. Bc1 Ra4 39. Rb4 Ra7 40.
Rb8+ Bf8 41. c6 Rc7 42. Bd2 Kf7 43. Rb7 Bd6 44. h4 gxh4 45. gxh4 Kg6 46. Rxc7
Bxc7 47. Be3 h5 48. a4 Kf5 49. Bc5 Ke4 50. a5 Kd5 51. Bb6 Bxb6 52. axb6 Kxc6
53. Kg2 Kxb6 54. Kf3 Kc5 55. Kf4 Kd4 56. Kg5 Ke5 57. Kxh5 Kf5 58. Kh6 e5 59. h5
Kf6 60. f3 Kf7 61. Kg5 Kg7 62. Kf5 Kh6 63. Kxe5 Kxh5 64. Kf5 1-0

[Event "Fuerteventura op"]
[Site "Fuerteventura"]
[Date "1992.??.??"]
[Round "?"]
[White "Hernandez Onna, Roman"]
[Black "Vilela de Acuna, Jose Luis"]
[Result "1-0"]
[WhiteElo "2430"]
[BlackElo "2430"]
[PlyCount "80"]
[EventDate "1992.??.??"]
[EventType "swiss"]
[EventRounds "11"]
[EventCountry "CUB"]
[SourceTitle "EXT 1999"]
[Source "ChessBase"]
[SourceDate "1998.11.16"]

1. d4 Nf6 2. Nf3 e6 3. c4 d5 4. Nc3 Bb4 5. cxd5 exd5 6. Bg5 Nbd7 7. e3 c5 8.
Bd3 Qa5 9. O-O c4 10. Bc2 Bxc3 11. bxc3 Qxc3 12. Qb1 Qa3 13. Ne5 h6 14. Bxf6
Nxf6 15. Qb5+ Ke7 16. e4 Rd8 17. exd5 Nxd5 18. Rfe1 Kf8 19. Qxc4 Be6 20. Bb3
Rac8 21. Qe2 Kg8 22. h3 Qb4 23. Nf3 a5 24. Bc2 Rc3 25. Be4 Rc7 26. Qd3 Qc4 27.
Qd2 Qc3 28. Qe2 Nf6 29. Bd3 Bd5 30. Rad1 Qa3 31. Rd2 Qb4 32. Ne5 Kh8 33. Ng4
Nxg4 34. hxg4 Qd6 35. Qe8+ Qf8 36. Qb5 g6 37. Rde2 Rcc8 38. Qxa5 Kg7 39. Re7
Rc6 40. Qb5 Re6 1-0

[Event "Fuerteventura op"]
[Site "Fuerteventura"]
[Date "1992.??.??"]
[Round "?"]
[White "Remon, Adelquis"]
[Black "Hernandez Onna, Roman"]
[Result "1/2-1/2"]
[WhiteElo "2365"]
[BlackElo "2430"]
[PlyCount "59"]
[EventDate "1992.??.??"]
[EventType "swiss"]
[EventRounds "11"]
[EventCountry "CUB"]
[SourceTitle "EXT 1999"]
[Source "ChessBase"]
[SourceDate "1998.11.16"]

1. d4 Nf6 2. Nf3 g6 3. c4 Bg7 4. Nc3 O-O 5. e4 d6 6. Be2 e5 7. d5 Na6 8. Nd2
Ne8 9. a3 c5 10. h4 f5 11. h5 Nac7 12. b4 b6 13. Nb3 Nf6 14. hxg6 hxg6 15. Bg5
Qd7 16. bxc5 dxc5 17. Bxf6 Bxf6 18. Qd2 Ne8 19. Qh6 Qg7 20. Qxg7+ Kxg7 21. Bd3
Bd7 22. Ke2 Nd6 23. Nd2 Rh8 24. a4 a5 25. Rab1 Rxh1 26. Rxh1 Rh8 27. Rxh8 Kxh8
28. g3 Kg7 29. Ke3 Kf7 30. f3 1/2-1/2

[Event "Havana op"]
[Site "Havana"]
[Date "1992.??.??"]
[Round "?"]
[White "Hernandez Onna, Roman"]
[Black "Elissalt Cardenas, Hector"]
[Result "1-0"]
[WhiteElo "2430"]
[BlackElo "2265"]
[PlyCount "75"]
[EventDate "1992.??.??"]
[EventType "swiss"]
[EventRounds "9"]
[EventCountry "CUB"]
[SourceTitle "EXT 2000"]
[Source "ChessBase"]
[SourceDate "1999.11.16"]

1. c4 f5 2. g3 Nf6 3. Bg2 e6 4. e3 d5 5. Ne2 c6 6. b3 Bd6 7. Nbc3 O-O 8. O-O
Bd7 9. d3 b5 10. a3 Qb6 11. b4 bxc4 12. dxc4 Qa6 13. c5 Bc7 14. Rb1 Ne4 15. Bb2
Qc8 16. a4 Qe8 17. Ba1 Rf7 18. f3 Nxc3 19. Nxc3 a6 20. Re1 Qf8 21. a5 Be8 22.
Na4 Nd7 23. Bf1 h5 24. f4 Nf6 25. Nb6 Ra7 26. Be2 h4 27. g4 Ne4 28. g5 g6 29.
Bd3 e5 30. Bxe4 fxe4 31. fxe5 Rf3 32. Nc8 Ra8 33. Nd6 Bd7 34. e6 Bxe6 35. Qd4
Kh7 36. Rf1 Qe7 37. Rxf3 exf3 38. Qxh4+ 1-0

[Event "Havana op"]
[Site "Havana"]
[Date "1992.??.??"]
[Round "?"]
[White "Hernandez Onna, Roman"]
[Black "Gonzalez Zamora, Juan Carlos"]
[Result "1/2-1/2"]
[WhiteElo "2430"]
[BlackElo "2380"]
[PlyCount "43"]
[EventDate "1992.??.??"]
[EventType "swiss"]
[EventRounds "9"]
[EventCountry "CUB"]
[SourceTitle "EXT 2002"]
[Source "ChessBase"]
[SourceDate "2001.11.25"]

1. c4 e5 2. Nc3 Nc6 3. Nf3 Nf6 4. g3 Bc5 5. Bg2 O-O 6. O-O d6 7. d3 h6 8. Na4
Bb6 9. a3 Re8 10. e4 Bg4 11. Nxb6 axb6 12. h3 Bxf3 13. Bxf3 Nd4 14. Bg2 c6 15.
Be3 b5 16. Bxd4 exd4 17. cxb5 cxb5 18. Qb3 Qb6 19. f4 Nd7 20. Qd5 Nf6 21. Qb3
Nd7 22. Qd5 1/2-1/2

[Event "Havana op"]
[Site "Havana"]
[Date "1992.??.??"]
[Round "?"]
[White "Hernandez Onna, Roman"]
[Black "Herrera, Irisberto"]
[Result "1/2-1/2"]
[WhiteElo "2430"]
[BlackElo "2320"]
[PlyCount "72"]
[EventDate "1992.??.??"]
[EventType "swiss"]
[EventRounds "9"]
[EventCountry "CUB"]
[SourceTitle "EXT 2000"]
[Source "ChessBase"]
[SourceDate "1999.11.16"]

1. d4 Nf6 2. Nf3 g6 3. c4 Bg7 4. Nc3 d5 5. cxd5 Nxd5 6. e4 Nxc3 7. bxc3 c5 8.
Rb1 O-O 9. Be2 Nc6 10. d5 Ne5 11. Nxe5 Bxe5 12. Qd2 Bg7 13. f4 e5 14. dxe6 Bxe6
15. O-O Qxd2 16. Bxd2 Bxa2 17. Rb2 Be6 18. f5 gxf5 19. exf5 Bd7 20. f6 Rfe8 21.
Bc4 Bf8 22. Rxb7 Be6 23. Bxe6 Rxe6 24. Rf3 Bd6 25. Bh6 a5 26. Rb6 Bf8 27. Rxe6
fxe6 28. f7+ Kh8 29. Bxf8 Rxf8 30. Rf6 a4 31. Rxe6 Rxf7 32. Ra6 Rf4 33. Ra5 Rc4
34. Kf2 Kg7 35. Ke2 Rxc3 36. Rxa4 Kg6 1/2-1/2

[Event "Havana op"]
[Site "Havana"]
[Date "1992.??.??"]
[Round "?"]
[White "Ponce, Hiram"]
[Black "Hernandez Onna, Roman"]
[Result "0-1"]
[WhiteElo "2280"]
[BlackElo "2430"]
[PlyCount "78"]
[EventDate "1992.??.??"]
[EventType "swiss"]
[EventRounds "9"]
[EventCountry "CUB"]
[SourceTitle "EXT 2000"]
[Source "ChessBase"]
[SourceDate "1999.11.16"]

1. e4 c5 2. Nf3 Nc6 3. d4 cxd4 4. Nxd4 g6 5. c4 Nf6 6. Nc3 d6 7. Be2 Nxd4 8.
Qxd4 Bg7 9. Bg5 Qa5 10. Qd2 O-O 11. O-O Be6 12. Kh1 Rfc8 13. b3 b5 14. e5 b4
15. exf6 exf6 16. Be3 bxc3 17. Qxd6 f5 18. Qd1 Qc7 19. f4 a5 20. Qc2 a4 21.
Rfd1 Qa5 22. Rac1 Rd8 23. h3 h5 24. Bf3 Rab8 25. Rxd8+ Rxd8 26. Rd1 Rxd1+ 27.
Bxd1 Qb4 28. Bf3 Qa3 29. Kg1 Qb2 30. Bd1 Bd7 31. Bc1 Qa1 32. Bf3 Bd4+ 33. Kh2
Bc5 34. Qd1 Be6 35. Qc2 h4 36. Bd5 Bd7 37. bxa4 Bxa4 38. Qxa4 Qxc1 39. Ba8 Kh7
0-1

[Event "Merida op"]
[Site "Merida"]
[Date "1992.??.??"]
[Round "?"]
[White "Zapata, Alonso"]
[Black "Hernandez Onna, Roman"]
[Result "1-0"]
[WhiteElo "2515"]
[BlackElo "2430"]
[PlyCount "120"]
[EventDate "1992.??.??"]
[EventType "swiss"]
[EventRounds "9"]
[EventCountry "MEX"]
[SourceTitle "EXT 1997"]
[Source "ChessBase"]
[SourceDate "1996.11.15"]
[SourceVersion "1"]
[SourceVersionDate "1996.11.15"]
[SourceQuality "1"]

1. e4 c5 2. Nf3 Nc6 3. d4 cxd4 4. Nxd4 g6 5. Nb3 Bg7 6. Be2 Nf6 7. Nc3 O-O 8.
O-O d6 9. Be3 Be6 10. f4 Na5 11. f5 Bc4 12. Bd3 Bxd3 13. cxd3 Nc6 14. d4 e6 15.
fxe6 fxe6 16. Kh1 Qe7 17. Bg5 h6 18. Bh4 g5 19. Bg3 e5 20. d5 Nd4 21. Bf2 Nd7
22. Ne2 Nxe2 23. Qxe2 Rf4 24. Nd2 Raf8 25. Be3 Qe8 26. g3 Rxf1+ 27. Rxf1 Rxf1+
28. Qxf1 Nf6 29. b3 Qc8 30. Qc4 Qg4 31. Kg2 a6 32. h3 Qd1 33. a4 Qe1 34. Qd3
Qd1 35. Qf1 Qc2 36. Qc4 Qd1 37. Qf1 Qc2 38. g4 Qc3 39. Kf3 Bf8 40. Ke2 Kg7 41.
Qf5 Qc1 42. h4 Qh1 43. hxg5 hxg5 44. Qxg5+ Kf7 45. Qf5 Qg2+ 46. Kd3 Qxg4 47.
Qxg4 Nxg4 48. Nc4 Be7 49. Na5 Bd8 50. Nxb7 Bc7 51. Bd2 Ke7 52. Ke2 Kd7 53. Bg5
Bb6 54. Na5 Bxa5 55. Kf3 Nh2+ 56. Kg2 Kc7 57. Kxh2 Bc3 58. Be3 Bd4 59. Bxd4
exd4 60. Kg2 Kb6 1-0

[Event "Buenos Aires Inauguracio op"]
[Site "Buenos Aires"]
[Date "1992.??.??"]
[Round "?"]
[White "Hernandez Onna, Roman"]
[Black "Rodrigues, Adriano Pfuhl"]
[Result "0-1"]
[WhiteElo "2430"]
[BlackElo "2260"]
[PlyCount "76"]
[EventDate "1992.05.??"]
[EventType "swiss"]
[EventRounds "7"]
[EventCountry "ARG"]
[SourceTitle "EXT 1997"]
[Source "ChessBase"]
[SourceDate "1996.11.15"]
[SourceVersion "1"]
[SourceVersionDate "1996.11.15"]
[SourceQuality "1"]

1. e4 d5 2. exd5 Qxd5 3. Nc3 Qa5 4. d4 Nf6 5. Bd2 Qb6 6. Nge2 c6 7. Na4 Qc7 8.
Bf4 Qa5+ 9. c3 Bg4 10. Nc5 Nd5 11. Nb3 Qd8 12. Bg3 e6 13. Qd2 Be7 14. Nbc1 Bg5
15. f4 Bh4 16. Nd3 Nd7 17. O-O-O Bxg3 18. hxg3 N7f6 19. Nf2 Qa5 20. Kb1 Bf5+
21. Ka1 b5 22. b4 Qa3 23. Qb2 Qa4 24. Qb3 Qxb3 25. axb3 Bc2 26. Re1 Bxb3 27.
Kb2 Bc4 28. Ra1 Nb6 29. Nc1 Bxf1 30. Rxf1 Nc4+ 31. Ka2 a5 32. Nb3 axb4+ 33. Kb1
Rxa1+ 34. Kxa1 bxc3 35. Rc1 b4 36. Nd3 Nd5 37. Ne5 Nxe5 38. fxe5 Ke7 0-1

[Event "Villa Ballester sim"]
[Site "Villa Ballester"]
[Date "1994.??.??"]
[Round "?"]
[White "Fulgenzi, Ernesto"]
[Black "Hernandez Onna, Roman"]
[Result "1-0"]
[WhiteElo "2300"]
[BlackElo "2435"]
[PlyCount "49"]
[EventDate "1994.??.??"]
[EventType "simul"]
[EventRounds "1"]
[EventCountry "ARG"]
[SourceTitle "EXT 1998"]
[Source "ChessBase"]
[SourceDate "1997.11.17"]

1. Nf3 d5 2. d4 e6 3. c4 c5 4. e3 Nc6 5. Nc3 Nf6 6. a3 a6 7. h3 dxc4 8. Bxc4 b5
9. Ba2 Bb7 10. O-O Be7 11. Qe2 O-O 12. Rd1 cxd4 13. exd4 Na5 14. Ne5 Nd5 15.
Bd2 Rc8 16. Rac1 Bg5 17. Ne4 Rxc1 18. Rxc1 Nf4 19. Bxf4 Bxf4 20. Rd1 Qa8 21.
Bb1 Nc4 22. Nd7 f5 23. Nxf8 Qxf8 24. Nc5 Bd5 25. Nxe6 1-0

[Event "Villa Ballester sim"]
[Site "Villa Ballester"]
[Date "1994.??.??"]
[Round "?"]
[White "Hernandez Onna, Roman"]
[Black "Rebottaro, Hector Javier"]
[Result "0-1"]
[WhiteElo "2435"]
[BlackElo "2310"]
[PlyCount "72"]
[EventDate "1994.??.??"]
[EventType "simul"]
[EventRounds "1"]
[EventCountry "ARG"]
[SourceTitle "EXT 1998"]
[Source "ChessBase"]
[SourceDate "1997.11.17"]

1. c4 Nf6 2. Nc3 e5 3. Nf3 Nc6 4. g3 g6 5. Bg2 Bg7 6. O-O d6 7. d3 O-O 8. Bg5
h6 9. Bxf6 Bxf6 10. Rc1 Be6 11. b4 Nxb4 12. Qb3 a5 13. a3 Na6 14. Qxb7 Nc5 15.
Qb1 Rb8 16. Qc2 c6 17. Rb1 Qc7 18. Nd2 Be7 19. Na4 Nxa4 20. Qxa4 d5 21. Nb3 Qb6
22. Qxa5 dxc4 23. dxc4 Bxc4 24. Qxe5 Bxb3 25. Qxe7 Qa6 26. e3 Be6 27. h4 h5 28.
Qc5 Rfc8 29. Rxb8 Rxb8 30. Ra1 Rb2 31. Qxc6 Qe2 32. Qa8+ Kh7 33. Qf3 Qd2 34.
Qf6 Kg8 35. a4 Bf5 36. a5 Qxf2+ 0-1

[Event "San Martin"]
[Site "San Martin"]
[Date "1994.??.??"]
[Round "1"]
[White "Hernandez Onna, Roman"]
[Black "Sanchez Almeyra, Jorge"]
[Result "1/2-1/2"]
[WhiteElo "2450"]
[BlackElo "2435"]
[PlyCount "84"]
[EventDate "1994.04.??"]
[EventType "tourn"]
[EventRounds "11"]
[EventCountry "ARG"]
[EventCategory "9"]
[SourceTitle "CBM 042"]
[Source "ChessBase"]
[SourceDate "1994.10.01"]
[SourceVersion "1"]
[SourceVersionDate "1994.10.01"]
[SourceQuality "1"]

1. d4 Nf6 2. Nf3 g6 3. c4 Bg7 4. Nc3 d5 5. cxd5 Nxd5 6. e4 Nxc3 7. bxc3 c5 8.
Be2 Nc6 9. d5 Bxc3+ 10. Bd2 Bxa1 11. Qxa1 Nd4 12. Nxd4 cxd4 13. Qxd4 O-O 14.
O-O f6 15. Rb1 b6 16. h4 Bd7 17. Bh6 Rf7 18. Ba6 b5 19. Bxb5 Bxb5 20. Rxb5 e6
21. g3 Qd7 22. Qc4 Rc8 23. Qb3 Re7 24. a4 exd5 25. exd5 Kh8 26. Qf3 Rf7 27. Kg2
Rd8 28. Qf4 Kg8 29. Qf3 Qf5 30. Qxf5 gxf5 31. d6 Rfd7 32. Bf4 Kf7 33. Rxf5 Rc8
34. Ra5 Ke6 35. Ra6 Rc4 36. Be3 Kd5 37. Bxa7 Rxd6 38. Bb6 Ke6 39. a5 Kf7 40.
Ra8 Ra4 41. Rc8 Kg6 42. Rc7 h5 1/2-1/2

[Event "San Martin"]
[Site "San Martin"]
[Date "1994.??.??"]
[Round "3"]
[White "Scarella, Enrique Alejandro"]
[Black "Hernandez Onna, Roman"]
[Result "1/2-1/2"]
[WhiteElo "2405"]
[BlackElo "2450"]
[PlyCount "101"]
[EventDate "1994.04.??"]
[EventType "tourn"]
[EventRounds "11"]
[EventCountry "ARG"]
[EventCategory "9"]
[SourceTitle "CBM 042"]
[Source "ChessBase"]
[SourceDate "1994.10.01"]
[SourceVersion "1"]
[SourceVersionDate "1994.10.01"]
[SourceQuality "1"]

1. d4 d5 2. c4 e6 3. Nf3 c5 4. cxd5 exd5 5. Nc3 Nc6 6. g3 Nf6 7. Bg2 Be7 8. O-O
O-O 9. Bg5 cxd4 10. Nxd4 h6 11. Be3 Re8 12. Rc1 Bf8 13. Nxc6 bxc6 14. Na4 Bd7
15. Bc5 Bg4 16. Re1 Bxc5 17. Nxc5 Qa5 18. h3 Bf5 19. Qa4 Qb6 20. b3 Re7 21. Qf4
Bg6 22. e3 Rae8 23. Qd4 Qa5 24. Re2 Bf5 25. b4 Qb5 26. Rb2 Qb8 27. a4 Qd6 28.
Rd2 h5 29. Qf4 Qxf4 30. gxf4 Rb8 31. Rd4 h4 32. Nb3 Reb7 33. Na5 Rxb4 34. Nxc6
Rxd4 35. Nxd4 Bd7 36. a5 a6 37. Rc7 Rb1+ 38. Kh2 Ra1 39. Bxd5 Nxd5 40. Rxd7 Nf6
41. Rd8+ Kh7 42. Nb3 Rb1 43. Nd2 Rb2 44. Kg2 Ra2 45. Nc4 Ne4 46. Rd4 f5 47. Kg1
Nxf2 48. Rd2 Rxd2 49. Nxd2 Nd1 50. Nc4 Kg6 51. Kg2 1/2-1/2

[Event "San Martin"]
[Site "San Martin"]
[Date "1994.??.??"]
[Round "5"]
[White "Casafus, Ruben"]
[Black "Hernandez Onna, Roman"]
[Result "1/2-1/2"]
[WhiteElo "2430"]
[BlackElo "2450"]
[PlyCount "36"]
[EventDate "1994.04.??"]
[EventType "tourn"]
[EventRounds "11"]
[EventCountry "ARG"]
[EventCategory "9"]
[SourceTitle "CBM 042"]
[Source "ChessBase"]
[SourceDate "1994.10.01"]
[SourceVersion "1"]
[SourceVersionDate "1994.10.01"]
[SourceQuality "1"]

1. Nf3 c5 2. c4 Nf6 3. g3 g6 4. Bg2 Nc6 5. O-O Bg7 6. d4 cxd4 7. Nxd4 Nxd4 8.
Qxd4 d6 9. Nc3 O-O 10. Qd3 Qa5 11. Bd2 Qh5 12. f3 Be6 13. b3 d5 14. cxd5 Nxd5
15. g4 Qe5 16. Nxd5 Qxd5 17. Qxd5 Bxd5 18. Rad1 Rfd8 1/2-1/2

[Event "San Martin"]
[Site "San Martin"]
[Date "1994.??.??"]
[Round "6"]
[White "Hernandez Onna, Roman"]
[Black "Fiorito, Fabian"]
[Result "1/2-1/2"]
[WhiteElo "2450"]
[BlackElo "2455"]
[PlyCount "58"]
[EventDate "1994.04.??"]
[EventType "tourn"]
[EventRounds "11"]
[EventCountry "ARG"]
[EventCategory "9"]
[SourceTitle "CBM 042"]
[Source "ChessBase"]
[SourceDate "1994.10.01"]
[SourceVersion "1"]
[SourceVersionDate "1994.10.01"]
[SourceQuality "1"]

1. Nf3 Nf6 2. c4 g6 3. Nc3 Bg7 4. e4 d6 5. d4 O-O 6. Be2 c5 7. O-O Nc6 8. d5
Na5 9. h3 e5 10. a3 b6 11. b4 Nb7 12. Ne1 Ne8 13. Nd3 f5 14. Rb1 Nf6 15. exf5
gxf5 16. bxc5 bxc5 17. f4 Ne4 18. Nxe4 fxe4 19. Nf2 exf4 20. Nxe4 Na5 21. Bb2
Qe7 22. Bxg7 Qxg7 23. Qd3 Qe5 24. Rb5 Nb7 25. Bg4 Bxg4 26. hxg4 Rae8 27. Rxb7
Qxe4 28. Qxe4 Rxe4 29. Rd7 Rxc4 1/2-1/2

[Event "San Martin"]
[Site "San Martin"]
[Date "1994.??.??"]
[Round "8"]
[White "Hernandez Onna, Roman"]
[Black "Zarnicki, Pablo"]
[Result "1/2-1/2"]
[WhiteElo "2450"]
[BlackElo "2435"]
[PlyCount "89"]
[EventDate "1994.04.??"]
[EventType "tourn"]
[EventRounds "11"]
[EventCountry "ARG"]
[EventCategory "9"]
[SourceTitle "CBM 042"]
[Source "ChessBase"]
[SourceDate "1994.10.01"]
[SourceVersion "1"]
[SourceVersionDate "1994.10.01"]
[SourceQuality "1"]

1. d4 Nf6 2. Nf3 g6 3. c4 Bg7 4. Nc3 O-O 5. e4 d6 6. Be2 c5 7. O-O cxd4 8. Nxd4
Nc6 9. Be3 Bd7 10. Qd2 Nxd4 11. Bxd4 Bc6 12. f3 a5 13. Rfe1 Nd7 14. Be3 a4 15.
Bf1 Qa5 16. Rab1 Rfc8 17. Kh1 Qb4 18. Rec1 Ne5 19. Bg5 e6 20. a3 Qa5 21. h3 Be8
22. Bh6 Nxc4 23. Bxc4 Bxh6 24. Qxh6 Rxc4 25. Rd1 Rd8 26. Rd2 Qe5 27. Rbd1 Bc6
28. Qe3 d5 29. Qb6 Qg5 30. exd5 exd5 31. Ne2 Re8 32. Qf2 Rh4 33. Qg3 Qh6 34.
Kh2 Rh5 35. Nf4 Rg5 36. Qf2 Rge5 37. Nxd5 Bxd5 38. Rxd5 Rxd5 39. Rxd5 Qf4+ 40.
Qg3 Qc1 41. Re5 Rd8 42. Re2 h5 43. Qe1 Qxe1 44. Rxe1 Rd2 45. Re4 1/2-1/2

[Event "San Martin"]
[Site "San Martin"]
[Date "1994.??.??"]
[Round "10"]
[White "Hernandez Onna, Roman"]
[Black "Rodriguez Vila, Andres"]
[Result "1/2-1/2"]
[WhiteElo "2450"]
[BlackElo "2435"]
[PlyCount "70"]
[EventDate "1994.04.??"]
[EventType "tourn"]
[EventRounds "11"]
[EventCountry "ARG"]
[EventCategory "9"]
[SourceTitle "CBM 042"]
[Source "ChessBase"]
[SourceDate "1994.10.01"]
[SourceVersion "1"]
[SourceVersionDate "1994.10.01"]
[SourceQuality "1"]

1. d4 Nf6 2. Nf3 e6 3. c4 c5 4. e3 b6 5. Nc3 cxd4 6. exd4 d5 7. cxd5 Nxd5 8.
Ne5 Bb4 9. Bb5+ Bd7 10. Nxd7 Nxd7 11. Qf3 O-O 12. O-O N7f6 13. Bg5 Rc8 14. Ba6
Rc7 15. Nb5 Rd7 16. Rac1 Qa8 17. Rc4 Be7 18. a3 h6 19. Bh4 g5 20. Bg3 Nf4 21.
Bxf4 Qxf3 22. gxf3 gxf4 23. Rfc1 Nh7 24. Rc7 Rfd8 25. Rxd7 Rxd7 26. Rc8+ Nf8
27. Ra8 Bf6 28. Rxa7 Rxa7 29. Nxa7 Bxd4 30. b4 Nd7 31. Bb5 Ne5 32. Kg2 Bb2 33.
a4 Bc3 34. Nc8 Bxb4 35. Nxb6 Kf8 1/2-1/2

[Event "CUB-ch"]
[Site "Cuba"]
[Date "1995.??.??"]
[Round "1"]
[White "Vera Gonzalez Quevedo, Reynaldo"]
[Black "Hernandez Onna, Roman"]
[Result "1/2-1/2"]
[WhiteElo "2500"]
[BlackElo "2435"]
[PlyCount "35"]
[EventDate "1995.??.??"]
[EventType "tourn"]
[EventRounds "13"]
[EventCountry "CUB"]
[SourceTitle "CBM 046 ext"]
[Source "ChessBase"]
[SourceDate "1995.07.01"]
[SourceVersion "1"]
[SourceVersionDate "1995.07.01"]
[SourceQuality "1"]

1. d4 Nf6 2. c4 e6 3. Nc3 Bb4 4. Qc2 c5 5. dxc5 Bxc5 6. Bf4 O-O 7. Nf3 Nc6 8.
a3 b6 9. Rd1 Bb7 10. e4 e5 11. Nxe5 Nxe5 12. Bxe5 Re8 13. Bxf6 Qxf6 14. Bd3 Bd4
15. O-O Bxc3 16. bxc3 Qe5 17. Qb3 Rac8 18. f3 1/2-1/2

[Event "CUB-ch"]
[Site "Cuba"]
[Date "1995.??.??"]
[Round "5"]
[White "Li Torres, Manuel Eugenio"]
[Black "Hernandez Onna, Roman"]
[Result "1/2-1/2"]
[WhiteElo "2365"]
[BlackElo "2435"]
[PlyCount "21"]
[EventDate "1995.??.??"]
[EventType "tourn"]
[EventRounds "13"]
[EventCountry "CUB"]
[SourceTitle "CBM 046 ext"]
[Source "ChessBase"]
[SourceDate "1995.07.01"]
[SourceVersion "1"]
[SourceVersionDate "1995.07.01"]
[SourceQuality "1"]

1. d4 Nf6 2. g3 d5 3. Bg2 e6 4. Nf3 Be7 5. O-O O-O 6. c4 c6 7. Nc3 Nbd7 8. Qd2
b6 9. e4 Ba6 10. b3 Rc8 11. a4 1/2-1/2

[Event "CUB-ch"]
[Site "Cuba"]
[Date "1995.??.??"]
[Round "7"]
[White "Rivera, Alberto"]
[Black "Hernandez Onna, Roman"]
[Result "1-0"]
[WhiteElo "2370"]
[BlackElo "2435"]
[PlyCount "55"]
[EventDate "1995.??.??"]
[EventType "tourn"]
[EventRounds "13"]
[EventCountry "CUB"]
[SourceTitle "CBM 046 ext"]
[Source "ChessBase"]
[SourceDate "1995.07.01"]
[SourceVersion "1"]
[SourceVersionDate "1995.07.01"]
[SourceQuality "1"]

1. d4 Nf6 2. c4 e6 3. Nc3 Bb4 4. Qc2 c5 5. dxc5 Bxc5 6. Nf3 Qb6 7. e3 a6 8. Be2
Qc7 9. Bd2 b6 10. Rc1 Bb7 11. O-O Ng4 12. h3 h5 13. Rfd1 Nc6 14. Ne4 f5 15.
Nxc5 bxc5 16. Bc3 O-O-O 17. a3 Nge5 18. b4 g5 19. b5 g4 20. bxc6 Nxc6 21. Bxh8
gxf3 22. Bxf3 Rxh8 23. Rb1 Rg8 24. Qc3 Nb4 25. Bxb7+ Qxb7 26. g3 Qf3 27. axb4
Rxg3+ 28. fxg3 1-0

[Event "CUB-ch"]
[Site "Cuba"]
[Date "1995.??.??"]
[Round "9"]
[White "Rodriguez Cespedes, Amador"]
[Black "Hernandez Onna, Roman"]
[Result "1/2-1/2"]
[WhiteElo "2520"]
[BlackElo "2435"]
[PlyCount "33"]
[EventDate "1995.??.??"]
[EventType "tourn"]
[EventRounds "13"]
[EventCountry "CUB"]
[SourceTitle "CBM 046 ext"]
[Source "ChessBase"]
[SourceDate "1995.07.01"]
[SourceVersion "1"]
[SourceVersionDate "1995.07.01"]
[SourceQuality "1"]

1. e4 c5 2. Nf3 Nc6 3. d4 cxd4 4. Nxd4 Qb6 5. Nb3 Nf6 6. Nc3 e6 7. Bd3 d6 8.
O-O a6 9. Kh1 Qc7 10. f4 b5 11. Qe2 Be7 12. Bd2 b4 13. Nb1 O-O 14. a3 Rb8 15.
axb4 Nxb4 16. Bxb4 Rxb4 17. N1d2 1/2-1/2

[Event "CUB-ch"]
[Site "Cuba"]
[Date "1995.??.??"]
[Round "11"]
[White "Hernandez Onna, Roman"]
[Black "Valdes, Luis E"]
[Result "1/2-1/2"]
[WhiteElo "2435"]
[BlackElo "2340"]
[PlyCount "114"]
[EventDate "1995.??.??"]
[EventType "tourn"]
[EventRounds "13"]
[EventCountry "CUB"]
[SourceTitle "CBM 046 ext"]
[Source "ChessBase"]
[SourceDate "1995.07.01"]
[SourceVersion "1"]
[SourceVersionDate "1995.07.01"]
[SourceQuality "1"]

1. d4 f5 2. Nf3 d6 3. g3 Nf6 4. Bg2 g6 5. O-O Bg7 6. c4 O-O 7. Nc3 Qe8 8. d5
Na6 9. Rb1 Bd7 10. b4 c5 11. dxc6 Bxc6 12. b5 Bxf3 13. Bxf3 Nc5 14. Be3 Rc8 15.
Bxc5 Rxc5 16. Bxb7 Rxc4 17. Qb3 Qf7 18. Rfc1 Rc5 19. Qxf7+ Kxf7 20. Na4 Re5 21.
e3 Rb8 22. Bc6 g5 23. Nb2 Rexb5 24. Bxb5 Rxb5 25. Nd3 Ra5 26. Nb4 Ne4 27. Rc7
Bf6 28. Kg2 g4 29. Rbc1 Rb5 30. Nd3 Ra5 31. R1c2 Ra3 32. Nc1 Nc3 33. h4 h5 34.
Rb7 Ra4 35. Rb3 Ne4 36. Nd3 d5 37. Rb4 Ra3 38. Nf4 Bc3 39. Rb3 Rxb3 40. axb3 e6
41. Ra2 a5 42. Ne2 Bb4 43. Nd4 e5 44. Nc6 Bc3 45. Nxa5 Ke6 46. Nc6 Kd6 47. Na7
Kc5 48. Kf1 Kb4 49. Nc6+ Kxb3 50. Ra8 d4 51. exd4 exd4 52. Rd8 Nd2+ 53. Ke2 Nf3
54. Kd3 Ne1+ 55. Ke2 Nf3 56. Kd3 Ne1+ 57. Ke2 Nf3 1/2-1/2